|
|
|
|
| LEADER |
00000nam0a2200000 4500 |
| 001 |
18123 |
| 005 |
20231030191156.0 |
| 010 |
|
|
|a 5250021662
|
| 035 |
|
|
|a (RuTPU)RU\TPU\book\18272
|
| 035 |
|
|
|a BOOK00002960
|
| 090 |
|
|
|a 18123
|
| 100 |
|
|
|a 20011209d1992 m y0rusy50 ca
|
| 101 |
0 |
|
|a rus
|
| 102 |
|
|
|a RU
|
| 105 |
|
|
|a y z 000zy
|
| 200 |
1 |
|
|a Партократия и путч
|f Г. А. Белоусова, В. А. Лебедев
|
| 210 |
|
|
|a Москва
|c Республика
|d 1992
|
| 215 |
|
|
|a 47 с.
|
| 610 |
1 |
|
|a политика
|
| 610 |
1 |
|
|a политические отношения
|
| 610 |
1 |
|
|a Россия
|
| 610 |
1 |
|
|a СССР
|
| 610 |
1 |
|
|a 20 век
|
| 610 |
1 |
|
|a путч
|
| 610 |
1 |
|
|a государственный переворот 1991 г.
|
| 686 |
|
|
|a Ф3(2)6
|v LBC/SL-A
|2 rubbk
|
| 700 |
|
1 |
|a Белоусова
|b Г. А.
|g Галина Андреевна
|
| 701 |
|
1 |
|a Лебедев
|b В. А.
|g Владимир Александрович
|
| 801 |
|
0 |
|a RU
|b 63413507
|c 20011209
|g PSBO
|
| 801 |
|
2 |
|a RU
|b 63413507
|c 20050609
|g PSBO
|
| 942 |
|
|
|c BK
|